000 00286nam a22001337a 4500
008 171021b xxu||||| |||| 00| 0 eng d
020 _a2900029113126
041 _aeng
080 _a658
100 _a54
101 _aLID
245 _aON LEADERSHIP
_cGARDNER, J.W
942 _2udc
_cBK
999 _c35316
_d35316